Triquitrates, criticas / (Record no. 152271)

MARC details
000 -LEADER
campo de control de longitud fija 00674nam a2200205 i 4500
001 - NÚMERO DE CONTROL
campo de control 152271
003 - IDENTIFICADOR DE NÚMERO DE CONTROL
campo de control ES-MaACL
005 - FECHA Y HORA DE LA ÚLTIMA TRANSACCIÓN
campo de control 20251004063159.0
008 - DATOS DE LONGITUD FIJA--INFORMACIÓN GENERAL
campo de control de longitud fija 931025s1892 sp |||| | spa d
080 ## - NÚMERO DE LA CLASIFICACIÓN DECIMAL UNIVERSAL
Número de la Clasificación Decimal Universal 82.09"18"
080 ## - NÚMERO DE LA CLASIFICACIÓN DECIMAL UNIVERSAL
Número de la Clasificación Decimal Universal 821.134.2-32"18"
100 1# - ENTRADA PRINCIPAL--NOMBRE DE PERSONA
Nombre de persona Bobadilla, Emilio,
Fechas asociadas al nombre 1868-1921
9 (RLIN) 29641
245 10 - MENCIÓN DEL TÍTULO
Título Triquitrates, criticas /
Mención de responsabilidad, etc. por Fray Candil.
260 ## - PUBLICACIÓN, DISTRIBUCIÓN, ETC.
Lugar de publicación, distribución, etc. Madrid :
Nombre del editor, distribuidor, etc. [s.n.],
Fecha de publicación, distribución, etc. 1892 (
Fabricante Est. tip. de Ricardo Fé)
300 ## - DESCRIPCIÓN FÍSICA
Extensión VII, 240 p. ;
Dimensiones 19 cm.
594 ## - Nota al título y mención de responsabilidad
Nota al título y mención de responsabilidad Fray Candil es seud. de Emilio Bobadilla.
650 #4 - PUNTO DE ACCESO ADICIONAL DE MATERIA--TÉRMINO DE MATERIA
Término de materia o nombre geográfico como elemento de entrada Literatura-
Subdivisión cronológica S.XIX-
Subdivisión general Historia y crítica.
9 (RLIN) 142386
852 ## - LOCALIZACIÓN
Ubicación ES-MaACL
Número de control de estantería G-7416
Nota libre -- Enc. pasta
Holdings
Estatus retirado Estado de pérdida Estado de daño No para préstamo Colección Biblioteca de origen Biblioteca actual Ubicación en estantería Fecha de adquisición Fuente de adquisición Total de préstamos Signatura topográfica completa Código de barras Visto por última vez Precio de reemplazo Tipo de ítem Koha
        Libros del s. XIX Biblioteca del Ateneo de Madrid Biblioteca del Ateneo de Madrid Depósito 2 17/01/2008     G-7416 1158981 23/02/2023 23/02/2023 Libro impreso antiguo